Spanish Footballers A-Z - Statistics

General Stats
  • This quiz has been taken 678 times
    89 since last reset
  • The average score is 21 of 33
Answer Stats
Letter Hint Player % Correct
_I Scored the winning goal in the 2010 FIFA World Cup final Andrés Iniesta
92%
_B Defensive midfielder who played for Barcelona from 2008 to 2023 Sergio Busquets
90%
D Goalkeeper who played for Manchester United from 2011 to 2023 David de Gea
89%
_C Named as the second-best goalkeeper of the 21st century, behind Buffon Iker Casillas
88%
_G Defensive midfielder and Manchester City's manager since 2016 Pep Guardiola
86%
_Y At the age of 16 became the youngest player and goalscorer for Spain Lamine Yamal
85%
R Defensive midfielder who won the Ballon d'Or in 2024 Rodri
83%
_A Midfielder who played for Real Sociedad, Liverpool and Real Madrid Xabi Alonso
83%
_T Scored the winning goal in the 2008 Euro and won the Golden Boot in 2012 Fernando Torres
82%
K Midfielder who plays for Atletico Madrid since 2009 Koke
82%
_P Defender who played for Barcelona from 2008 to 2022 Gerard Piqué
81%
X Midfielder who played for Barcelona from 1998 to 2015 Xavi
81%
_P Defender who played for Barcelona from 1999 to 2014 Carles Puyol
79%
_F Midfielder who played for Arsenal, Barcelona and Chelsea Cesc Fàbregas
79%
J_ Left-back who played for Barcelona from 2012 to 2023 Jordi Alba
79%
_O Attacking midfielder or left winger who plays for RB Leipzig since 2020 Dani Olmo
76%
_W Winger who played at 2022 FIFA World Cup and UEFA Euro 2024 Nico Williams
76%
_M Striker and the captain of the Spain national team since 2023 Álvaro Morata
75%
_V All-time top goalscorer for Spain David Villa
75%
_S Midfielder who played for Manchester City from 2010 to 2020 David Silva
74%
R Forward who played for Real Madrid from 1994 to 2010 Raúl
72%
U_ Starting goalkeeper for Spain at the 2022 FIFA World Cup Unai Simón
71%
L_ Left winger and later coach of the Spain national team Luis Enrique
67%
_H Defender who played for Real Madrid from 1989 to 2003 Fernando Hierro
61%
_R Most capped player in the history of the Spain national team Sergio Ramos
58%
_B Striker who scored four goals at 1986 FIFA World Cup Emilio Butragueño
44%
_Z Starting goalkeeper at the 1986, 1990, 1994 and 1998 World Cups Andoni Zubizarreta
38%
M Midfielder who played for Real Madrid from 1982 to 1996 Michel
14%
_C Left-back who played for Real Madrid from 1974 to 1989 José Antonio Camacho
13%
Q Striker who participated in two FIFA World Cups, 1978 and 1982 Quini
13%
_E Winger who played for Athletic Bilbao from 1995 to 2010 Joseba Etxeberria
8%
_N Defender who played for Barcelona from 1991 to 1999 Miguel Angel Nadal
8%
_G Attacking left wing-back who played for Real Madrid from 1985 to 1992 Rafael Gordillo
7%
No matching quizzes found
Score Distribution
Percent of People with Each Score
Percentile by Number Answered
Your Score History
You have not taken this quiz since the last reset